00425nam a22001337a 4500008004100000082001600041100001600057245006300073260002700136300000900163942001200172999001300184952009400197230606b xxu||||| |||| 00| 0 eng d a345.01bHOI cDavid Hoile aThe International Criminal CourtbEurope's Guantanamo Bay? bAfrica Research Centre a345p 2ddccBK c509d509 00102ddc4070a001b001d2023-06-06l0o345.01 HOIp1000536r2023-06-06w2023-06-06yBK